Top 30 des fast-foods les plus populaires en France - Statistiques

Statistiques générales
  • Ce quiz a été pris 239 fois
  • Le résultat moyen est 9 sur 30
Statistiques - réponses
Top Fast-food % Correct
1 McDonald's
100%
2 Burger King
99%
3 KFC
95%
7 Quick
88%
6 Domino's Pizza
73%
4 O'Tacos
73%
8 Pizza Hut
66%
5 Subway
65%
29 Tasty Crousty
54%
11 Five Guys
40%
19 IT Trattoria
34%
30 G La Dalle
22%
28 Chicken Street
19%
23 Nabab Kebab
17%
12 Big Fernand
13%
14 Paul
12%
18 Pitaya
11%
21 Pokawa
8%
13 Brioche Dorée
7%
25 Bagel Corner
4%
22 Eat Salad
4%
17 Exki
2%
15 La Croissanterie
2%
27 Waffle Factory
2%
26 Fresh Burritos
1%
9 Pomme de Pain
1%
20 Speed Burger
1%
24 Class'Croute
0%
10 Cojean
0%
16 Columbus Café
0%
Aucun quiz correspondant
Distribution des résultats
% des personnes avec chaque résultat
Percentile par nombre de réponses
Votre historique - résultats
Vous n’avez pas pris ce quiz